Mastodon Albums - Statistics

General Stats
  • This quiz has been taken 28 times
  • The average score is 7 of 8
Answer Stats
Hint Answer % Correct
2004 Leviathan
100%
2014 Once More 'Round the Sun
96%
2006 Blood Mountain
88%
2017 Emperor of Sand
88%
2021 Hushed and Grim
88%
2002 Remission
84%
2009 Crack the Skye
80%
2011 The Hunter
80%
No matching quizzes found
Score Distribution
Percent of People with Each Score
Percentile by Number Answered
Your Score History
You have not taken this quiz